Rèn luyện cho học sinh THCS các kỷ năng phát hiện và giải quyết vấn đề trong dạy học toán lớp 8 Luận văn thạc sĩ Toán học . Chuyên ngành: LL và PP DH bộ môn Toán. Mã số: 60.14 01

Đã lưu trong:
Sonraí Bibleagrafaíochta
Príomhúdar: Phạm, Thị Thanh Thảo
Údair Eile: Lê Hiển Dương (Hướng dẫn)
Formáid: Luận văn Trealamh Leabhar
Foilsithe: Vinh Đại học Vinh 2010
Ábhair:
Clibeanna: Cuir Clib Leis
Gan Chlibeanna, Bí ar an gcéad duine leis an taifead seo a chlibeáil!
Thư viện lưu trữ: Trung tâm Học liệu Lê Vũ Hùng, Trường Đại học Đồng Tháp
LEADER 01183ppm a22003018a 4500
001 00036390
005 20171026081025.0
008 170301s2010 ||||||Viesd
041 0 # |a Vie 
082 1 4 |a 510.7  |b R203L 
100 1 # |a Phạm, Thị Thanh Thảo 
245 0 0 |a Rèn luyện cho học sinh THCS các kỷ năng phát hiện và giải quyết vấn đề trong dạy học toán lớp 8  |b Luận văn thạc sĩ Toán học . Chuyên ngành: LL và PP DH bộ môn Toán. Mã số: 60.14 01  |c Phạm Thị Thanh Thảo ; Lê Hiển Dương (hướng dẫn) 
260 # # |a Vinh  |b Đại học Vinh  |c 2010 
300 # # |a 95tr.  |c 30cm. 
500 # # |a ĐTTTS ghi: Bộ giáo dục và đào tạo. Đại học Vinh 
653 # # |a Giáo dục 
653 # # |a Luận văn 
653 # # |a Toán học 
653 # # |a THCS 
653 # # |a Rèn luyện 
700 1 # |a Lê Hiển Dương  |e Hướng dẫn 
852 # # |j LV.0000781 
852 # # |b Kho đọc SĐH  |j LV.0000781 
910 |d 01/03/2017 
980 # # |a Trung tâm Học liệu Lê Vũ Hùng, Trường Đại học Đồng Tháp